000
00243nam a2200097Ia 4500
001
1164678
005
20250827011726.0
008
250824s9999 xx 000 0 und d
245
0
_a
NE OKURSAN O OLURSUN
_c
ROBERT DIYANNI
260
_b
ANTRE KİTAP
999
_c
1164678
_d
1164678